000 00659cab a2200277 4500
001 WB3534-26
008 090401t1999 xxu||||| |||| 00| 0 eng d
035 _a(Sirsi) u139
041 _aeng
245 _aScottish Land Reform
260 _c1999
350 _a0
490 _aDaily Telegraph
_v28 August 1999, 20-21(3)
650 _aACCESS TO THE COUNTRYSIDE
650 _aLAND OWNERSHIP
650 _aLAND PRICES
650 _aLAND REFORM
650 _aLAND SALES
650 _aLANDOWNERS
650 _aSCOTLAND
650 _aSCOTTISH LANDOWNERS FEDERATION
650 _aSPORTING RATES
690 _aLAND
942 _n0
948 _c02/09/1999
999 _c53
_d53